<?xml version="1.0" encoding="UTF-8"?>
<record
    xmlns:xsi="http://www.w3.org/2001/XMLSchema-instance"
    xsi:schemaLocation="http://www.loc.gov/MARC21/slim http://www.loc.gov/standards/marcxml/schema/MARC21slim.xsd"
    xmlns="http://www.loc.gov/MARC21/slim">

  <leader>00589nam a22001937a 4500</leader>
  <controlfield tag="003">DO-SdBJH</controlfield>
  <controlfield tag="005">20241113185436.0</controlfield>
  <controlfield tag="008">241113b        |||||||| |||| 00| 0 spa d</controlfield>
  <datafield tag="020" ind1=" " ind2=" ">
    <subfield code="a">9798340-100771</subfield>
  </datafield>
  <datafield tag="040" ind1=" " ind2=" ">
    <subfield code="a">DO-SdBJH</subfield>
    <subfield code="b">spa</subfield>
    <subfield code="c">DO-SdBJH</subfield>
  </datafield>
  <datafield tag="082" ind1=" " ind2=" ">
    <subfield code="a">E.U.355.009</subfield>
    <subfield code="b">H364l</subfield>
  </datafield>
  <datafield tag="100" ind1=" " ind2=" ">
    <subfield code="a">Hatman, Leonard</subfield>
  </datafield>
  <datafield tag="245" ind1=" " ind2=" ">
    <subfield code="a">Las Batallas Aereas mas Destacadas de la Historia</subfield>
    <subfield code="c">Leonard Hatman</subfield>
  </datafield>
  <datafield tag="260" ind1=" " ind2=" ">
    <subfield code="a">Florida</subfield>
    <subfield code="b">Unites States</subfield>
    <subfield code="c">2024</subfield>
  </datafield>
  <datafield tag="300" ind1=" " ind2=" ">
    <subfield code="a">246 Paginas</subfield>
  </datafield>
  <datafield tag="504" ind1=" " ind2=" ">
    <subfield code="a">Incluye &#xCD;ndice e Introducci&#xF3;n</subfield>
  </datafield>
  <datafield tag="650" ind1=" " ind2=" ">
    <subfield code="a">Historia de la Aviacion Militar y Ciencias Sociales</subfield>
  </datafield>
  <datafield tag="942" ind1=" " ind2=" ">
    <subfield code="2">ddc</subfield>
    <subfield code="c">BK</subfield>
  </datafield>
  <datafield tag="999" ind1=" " ind2=" ">
    <subfield code="c">7988</subfield>
    <subfield code="d">7988</subfield>
  </datafield>
  <datafield tag="952" ind1=" " ind2=" ">
    <subfield code="0">0</subfield>
    <subfield code="1">0</subfield>
    <subfield code="2">ddc</subfield>
    <subfield code="4">0</subfield>
    <subfield code="7">0</subfield>
    <subfield code="8">CG</subfield>
    <subfield code="a">BEGCEMA</subfield>
    <subfield code="b">BEGCEMA</subfield>
    <subfield code="c">GEN</subfield>
    <subfield code="d">2024-11-13</subfield>
    <subfield code="i">24EG.FARD.000.7809</subfield>
    <subfield code="l">0</subfield>
    <subfield code="o">EU355.009 H364l 2024</subfield>
    <subfield code="p">24EG.FARD.0007809</subfield>
    <subfield code="r">2024-11-13 18:58:07</subfield>
    <subfield code="t">ej1</subfield>
    <subfield code="w">2024-11-13</subfield>
    <subfield code="y">BK</subfield>
  </datafield>
</record>
